[Event "Maribor Pirc Memorial op 20th"]
[Site "Maribor"]
[Date "2017.07.02"]
[Round "9"]
[White "Mohr, Pablo"]
[Black "Murko, Tadej"]
[Result "1-0"]
[WhiteElo "1870"]
[BlackElo "1444"]
[PlyCount "95"]
[EventDate "2017.06.24"]
[EventType "swiss"]
[EventRounds "9"]
[EventCountry "SLO"]
[SourceTitle "CBM 179 Extra"]
[Source "ChessBase"]
[SourceDate "2017.08.23"]
[SourceVersion "1"]
[SourceVersionDate "2017.08.23"]
[SourceQuality "1"]

1. e4 c5 2. Nc3 d6 3. g3 Nc6 4. Bg2 g6 5. d3 Bg7 6. Be3 e6 7. Qd2 Nge7 8. Bh6 0-0 9. h4 f5 10. h5 Rf7 11. hxg6 Nxg6 12. exf5 exf5 13. Bd5 Qe7+ 14. Qe2 Qf8 15. Bxg7 Kxg7 16. Bxf7 Qxf7 17. Qh5 Bd7 18. Qxh7+ Kf8 19. Qxf7+ Kxf7 20. Rh7+ Ke6 21. 0-0-0 Nce5 22. f4 Nf8 23. Rh6+ Neg6 24. Re1+ Kf7 25. Nf3 Kg7 26. Rh2 Bc6 27. Nh4 Nxh4 28. gxh4 Ng6 29. Rf1 Rh8 30. h5 Kf6 31. h6 Rh7 32. Nd1 b5 33. Ne3 d5 34. c3 d4 35. cxd4 cxd4 36. Nc2 a6 37. Nxd4 Bb7 38. Ne2 Ba8 39. Kd2 Bb7 40. d4 Ne7 41. Nc3 Nd5 42. Nxd5+ Bxd5 43. a3 a5 44. Rc1 Kg6 45. Rc5 Bc4 46. Rc6+ Kf7 47. Rc7+ Kg8 48. Rg2+ 1-0

[Event "Maribor Pirc Memorial op 20th"]
[Site "Maribor"]
[Date "2017.06.29"]
[Round "6"]
[White "Rozman, Roman"]
[Black "Mohr, Pablo"]
[Result "1-0"]
[WhiteElo "1614"]
[BlackElo "1870"]
[PlyCount "121"]
[EventDate "2017.06.24"]
[EventType "swiss"]
[EventRounds "9"]
[EventCountry "SLO"]
[SourceTitle "CBM 179 Extra"]
[Source "ChessBase"]
[SourceDate "2017.08.23"]
[SourceVersion "1"]
[SourceVersionDate "2017.08.23"]
[SourceQuality "1"]

1. e4 e6 2. Nc3 d5 3. exd5 exd5 4. d4 c6 5. Bd3 Bd6 6. Nge2 Qh4 7. Ng3 Bxg3 8. fxg3 Qxd4 9. Qe2+ Ne7 10. Be3 Qe5 11. 0-0-0 Be6 12. Qf2 Nf5 13. Bxa7 0-0 14. Rde1 Qf6 15. Bc5 Rc8 16. Bxf5 Qxf5 17. Qxf5 Bxf5 18. a3 Nd7 19. Bf2 Re8 20. h3 Re6 21. g4 Bg6 22. Kd2 Rae8 23. Rhg1 Kf8 24. Na4 Kg8 25. Rxe6 fxe6 26. Nc5 Nxc5 27. Bxc5 e5 28. Rf1 e4 29. c3 Bf7 30. g5 b6 31. Be3 Rd8 32. Kc2 c5 33. Rd1 Kf8 34. b4 Rc8 35. bxc5 bxc5 36. a4 Ke7 37. a5 Kd6 38. Rb1 d4 39. Bf4+ Kd5 40. a6 Ra8 41. Rb7 Be8 42. a7 e3 43. cxd4 Bg6+ 44. Kd1 cxd4 45. Bb8 d3 46. Re7 Be4 47. Bf4 e2+ 48. Kd2 g6 49. g3 Rc8 50. Rb7 Ra8 51. Rxh7 Bf5 52. Bb8 Ke4 53. g4 Kf3 54. gxf5 Kf2 55. Re7 gxf5 56. g6 f4 57. g7 f3 58. h4 Kf1 59. g8Q f2 60. Qg3 e1Q+ 61. Rxe1+ 1-0

[Event "Maribor Pirc Memorial op 20th"]
[Site "Maribor"]
[Date "2017.06.27"]
[Round "4"]
[White "Nareks, Matic"]
[Black "Mohr, Pablo"]
[Result "0-1"]
[WhiteElo "1474"]
[BlackElo "1870"]
[PlyCount "110"]
[EventDate "2017.06.24"]
[EventType "swiss"]
[EventRounds "9"]
[EventCountry "SLO"]
[SourceTitle "CBM 179 Extra"]
[Source "ChessBase"]
[SourceDate "2017.08.23"]
[SourceVersion "1"]
[SourceVersionDate "2017.08.23"]
[SourceQuality "1"]

1. e4 e6 2. d4 d5 3. exd5 exd5 4. Bd3 Bd6 5. Ne2 Qh4 6. Be3 Nf6 7. Nd2 Bg4 8. c3 Nbd7 9. Qc2 Bxe2 10. Bxe2 Ng4 11. Bxg4 Qxg4 12. g3 c6 13. h3 Qe6 14. 0-0-0 0-0-0 15. Rde1 Qg6 16. Qxg6 hxg6 17. Nf3 Rde8 18. h4 f6 19. Kc2 Re7 20. Bd2 Rhe8 21. Rxe7 Rxe7 22. Re1 Rxe1 23. Nxe1 Nf8 24. Ng2 Ne6 25. Kd3 Kd7 26. Ke2 b6 27. Kf3 c5 28. dxc5 bxc5 29. Bf4 Nxf4 30. Nxf4 Bxf4 31. Kxf4 Ke6 32. g4 g5+ 33. hxg5 fxg5+ 34. Kxg5 Ke5 35. f4+ Ke4 36. f5 d4 37. cxd4 cxd4 38. f6 gxf6+ 39. Kxf6 d3 40. g5 d2 41. g6 d1Q 42. g7 Qd5 43. Kg6 Qg8 44. a3 Kd3 45. b4 Kc3 46. b5 Kb3 47. b6 axb6 48. a4 Kxa4 49. Kf6 b5 50. Kg6 b4 51. Kf6 b3 52. Kg6 b2 53. Kh5 Qxg7 54. Kh4 b1Q 55. Kh3 Qbh7# 0-1